000 00621na a2200241 4500
001 19020
003 MIRAKIL
005 20181213155052.0
008 161206b tu 000 0
020 _a9757081159
040 _aMilas
_btur
_cTR-AnCHP
041 _atur
082 _a330.1
_bB27m 2005
090 _a330.1 B27m 2005
100 _aBaş, Haydar
245 _aMilli ekonomi modeli
_cHaydar Baş
260 _aBakü
_bBakü Devlet Üniversitesi
_c2005
300 _a335 s.
_c21 sm.
504 _aKaynakça var
650 _aYerli ekonomi
650 _aEkonomi
_xSistemler ve kuramlar
942 _2ddc
_cBKS
999 _c5983
_d5983